000 00337nam a22001697a 4500
003 UA-OsUOA
001 4314
007 ta
008 20050721b un ||||| |||| 00| 0 ukr d
100 _aWhite
700 _aE. B.
942 _cBK
040 _aUA-OsUOA
_cUA-OsUOA
_dUA-OsUOA
245 _aStuart Little.
955 _a2
650 7 _2UDC
999 _c290476
_d290476